[Event "Wei Yi - Rapport Match TB"]
[Site "Yancheng CHN"]
[Date "2016.12.23"]
[Round "1"]
[White "Rapport,R"]
[Black "Wei Yi"]
[Result "0-1"]
[WhiteElo "2717"]
[BlackElo "2707"]

1.d4 Nf6 2.Nc3 d5 3.Bf4 e6 4.Nb5 Na6 5.e3 c6 6.Nc3 Bb4 7.Ne2 O-O 8.a3 Bd6
9.Ng3 Nc7 10.Bd3 Re8 11.Bxd6 Qxd6 12.f4 c5 13.O-O c4 14.Be2 b5 15.e4 dxe4
16.Ncxe4 Nxe4 17.Nxe4 Qb6 18.c3 Bb7 19.Bf3 Rad8 20.Ng5 h6 21.Bxb7 hxg5 22.fxg5 Qxb7
23.Qh5 Nd5 24.Rf3 f5 25.g6 Nf6 26.Qh4 Qe4 27.Rf4 Qe2 28.Re1 Qh5 29.Qg3 Ne4
30.Qh4 Qxh4 31.Rxh4 Kf8 32.Rh7 Nf6 33.Rh3 Ke7 34.Re5 Rd5 35.Re1 Ne4 36.Rf3 Rh8
37.g4 Rh6 38.h4 Rxh4 39.Rf4 Rh6 40.Rexe4 fxe4 41.Rf7+ Kd6 42.Rxg7 Rg5  0-1

[Event "Wei Yi - Rapport Match TB"]
[Site "Yancheng CHN"]
[Date "2016.12.23"]
[Round "2"]
[White "Wei Yi"]
[Black "Rapport,R"]
[Result "0-1"]
[WhiteElo "2707"]
[BlackElo "2717"]

1.e4 g6 2.d4 Bg7 3.Nc3 d6 4.f4 Nf6 5.Nf3 c5 6.Bb5+ Nc6 7.e5 Nd7 8.d5 Nd4
9.Nxd4 cxd4 10.Qxd4 O-O 11.Bxd7 Qxd7 12.O-O Qf5 13.Qd1 dxe5 14.fxe5 Qxe5
15.Kh1 Qd6 16.Bf4 Qb6 17.Rb1 Bf5 18.Qe2 Rfe8 19.Be3 Qa6 20.Qd2 Rad8 21.Qf2 e6
22.Bxa7 exd5 23.Bd4 Bxd4 24.Qxd4 Qc4 25.Rbd1 Bxc2 26.Nxd5 Qxd4 27.Rxd4 Kg7
28.Nc7 Rxd4 29.Nxe8+ Kf8 30.Nc7 Rd2 31.Ne6+ Kg8 32.Ng5 Bd3 33.Re1 h6 34.Nf3 Rxb2
35.h3 Rxa2 36.Re8+ Kg7 37.Re7 Bf1 38.Nh4 g5 39.Kg1 Ra1 40.Nf3 Be2+ 41.Kf2 Bxf3
42.Kxf3 Rb1 43.Re8 b5 44.Rb8 Rb3+ 45.Kg4 Rb4+ 46.Kf3 Rf4+ 47.Ke3 b4 48.Rb6 h5
49.Kd3 Rf2 50.g4 Rf3+ 51.Ke4 hxg4 52.hxg4 Rf4+ 53.Ke5 f6+ 54.Ke6 Re4+  0-1

[Event "Wei Yi - Rapport Match TB"]
[Site "Yancheng CHN"]
[Date "2016.12.23"]
[Round "3"]
[White "Wei Yi"]
[Black "Rapport,R"]
[Result "0-1"]
[WhiteElo "2707"]
[BlackElo "2717"]

1.e4 g6 2.d4 Bg7 3.Nc3 a6 4.f4 d5 5.Nxd5 e6 6.Nc3 Qxd4 7.Qxd4 Bxd4 8.Nf3 Ba7
9.Bd2 Nc6 10.h4 Nf6 11.e5 Ng4 12.Ne4 h5 13.c3 Ne3 14.Bxe3 Bxe3 15.g3 Bd7
16.Nf6+ Ke7 17.Ng5 Rhd8 18.Ke2 Ba7 19.Bg2 Na5 20.b3 Bb5+ 21.c4 Nxc4 22.bxc4 Bxc4+
23.Ke1 Bb6 24.Rd1 Ba5+ 25.Kf2 Bb6+ 26.Ke1 Ba5+ 27.Kf2 Bb6+ 28.Kf3 Bxa2 29.g4 hxg4+
30.Kxg4 a5 31.Bxb7 Rab8 32.Bc6 Bb3 33.Rb1 a4 34.h5 gxh5+ 35.Nxh5 Bc2 36.Ra1 Bf5+
37.Kg3 Rd3+ 38.Bf3 a3 39.Nf6 Bd4 40.Rac1 c5 41.Rc4 Ra8 42.Ra4 Rxa4 43.Rh8 Bxe5
44.fxe5 Rd8 45.Ng8+ Kd7 46.Nxf7 Rxg8+ 47.Rxg8 a2  0-1

[Event "Wei Yi - Rapport Match"]
[Site "Yancheng CHN"]
[Date "2016.12.23"]
[Round "4"]
[White "Rapport,R"]
[Black "Wei Yi"]
[Result "1/2-1/2"]
[WhiteElo "2717"]
[BlackElo "2707"]

1.d4 Nf6 2.Bg5 d5 3.e3 c5 4.c3 Qb6 5.Qc2 Ne4 6.Bf4 Nc6 7.Nd2 Bf5 8.Bd3 cxd4
9.exd4 e5 10.Bxe4 dxe4 11.Nc4 Qa6 12.Nxe5 Nxd4 13.cxd4 f6 14.Ne2 fxe5 15.Bxe5 Bb4+
16.Nc3 Rc8 17.Rc1 Qxa2 18.O-O Bxc3 19.bxc3 Qxc2 20.Rxc2 O-O 21.Ra1 e3 22.Rcc1 exf2+
23.Kxf2 a6 24.Ke3 Be6 25.Ra5 Rfd8 26.Kd2 Rc6 27.Rf1 Bc4 28.Rf3 b6 29.Ra1 a5
30.h4 Ra8 31.h5 a4 32.Rg3 Ra7 33.Bb8 Rb7 34.Be5 b5 35.Kc2 Bd5 36.Kb2 b4 37.Rxa4 bxc3+
38.Kc1 h6 39.Ra8+ Kh7 40.Rb8 Ra7 41.Ra8 Rcc7 42.Rxa7 Rxa7 43.Rxc3 Bxg2 44.Kd2 Bd5
45.Ke3 Bf7 46.Rc7 Rxc7 47.Bxc7 Bxh5 48.Kf4 Kg6 49.d5 Be2 50.Be5 Bc4 51.d6 Be6
52.Kg3 Kh7 53.d7 Bxd7 54.Bd4 g5 55.Bf6 Kg6 56.Be7 h5 57.Bd8 h4+ 58.Kf2 Kh5
59.Be7 g4 60.Bd6 g3+ 61.Bxg3 hxg3+ 62.Kxg3  1/2-1/2

[Event "World Rapid 2016"]
[Site "Doha QAT"]
[Date "2016.12.26"]
[Round "1.8"]
[White "Wei Yi"]
[Black "Vachier Lagrave,M"]
[Result "1/2-1/2"]
[WhiteElo "2707"]
[BlackElo "2804"]

1.e4 c5 2.Nf3 d6 3.d4 cxd4 4.Nxd4 Nf6 5.Nc3 a6 6.g3 e5 7.Nb3 Be7 8.Bg2 Bg4
9.Bf3 Be6 10.O-O O-O 11.a4 Qc7 12.Re1 Rc8 13.a5 Nbd7 14.Nd2 b5 15.axb6 Nxb6
16.Nf1 a5 17.Ne3 a4 18.Bd2 Nc4 19.Nxc4 Qxc4 20.Rxa4 Rxa4 21.b3 Qc5 22.bxa4 Nd7
23.Bg4 Bxg4 24.Qxg4 Nf6 25.Qe2 Qa3 26.Qd3 Bd8 27.Rb1 Qc5 28.Rb5 Qc6 29.a5 h6
30.h3 Qa6 31.Nd5 Nxe4 32.Ne7+ Bxe7 33.Rb8 Rxb8 34.Qxa6 Nxd2 35.Qa7 Rb1+ 36.Kg2 Bf8
37.a6 e4 38.Qe3 Ra1 39.Qxd2 Rxa6 40.Qd4 Ra5 41.Qxe4 Rc5 42.Qd3 h5 43.h4  1/2-1/2

[Event "World Rapid 2016"]
[Site "Doha QAT"]
[Date "2016.12.26"]
[Round "3.28"]
[White "Wei Yi"]
[Black "Cheparinov,I"]
[Result "1/2-1/2"]
[WhiteElo "2707"]
[BlackElo "2689"]

1.e4 e5 2.Nf3 Nc6 3.Bb5 Nf6 4.O-O Nxe4 5.d4 Nd6 6.Bxc6 dxc6 7.dxe5 Nf5 8.Qxd8+ Kxd8
9.h3 Bd7 10.Rd1 Be7 11.g4 Nh4 12.Nxh4 Bxh4 13.Nd2 Ke8 14.f4 h5 15.f5 hxg4
16.hxg4 g6 17.e6 fxe6 18.fxg6 e5 19.Kg2 c5 20.Nf3 Bc6 21.Rh1 Kd7 22.g7 Rh7
23.Bg5 Rxg7 24.Rad1+ Ke6 25.Rxh4 Bxf3+ 26.Kxf3 Rf8+ 27.Kg3 Rxg5 28.Rh6+ Ke7
29.Rh7+ Ke6 30.Rdd7 Rfg8 31.Rhe7+ Kf6 32.Rf7+ Ke6 33.Rfe7+ Kf6 34.Rf7+  1/2-1/2

[Event "World Rapid 2016"]
[Site "Doha QAT"]
[Date "2016.12.26"]
[Round "4.24"]
[White "Wei Yi"]
[Black "Malakhov,V"]
[Result "1-0"]
[WhiteElo "2707"]
[BlackElo "2713"]

1.d4 d5 2.Bf4 Nf6 3.e3 c5 4.Nd2 cxd4 5.exd4 Bg4 6.Ngf3 Nc6 7.c3 e6 8.Qb3 Qc8
9.Bd3 Be7 10.O-O O-O 11.Ne5 Nxe5 12.Bxe5 Nd7 13.Bf4 Nb6 14.a4 Bf5 15.Bxf5 exf5
16.Rfe1 Qd7 17.a5 Nc8 18.Nf3 f6 19.c4 Rd8 20.a6 b6 21.c5 g5 22.c6 Qxc6 23.Rac1 Qe8
24.Bc7 Rd7 25.Qb5 Nd6 26.Qxd5+ Kg7 27.Bxd6 Rad8 28.Qe6  1-0

[Event "World Rapid 2016"]
[Site "Doha QAT"]
[Date "2016.12.26"]
[Round "5.17"]
[White "Radjabov,T"]
[Black "Wei Yi"]
[Result "1/2-1/2"]
[WhiteElo "2710"]
[BlackElo "2707"]

1.e4 e5 2.Nf3 Nf6 3.Nxe5 d6 4.Nf3 Nxe4 5.d4 d5 6.Bd3 Nc6 7.O-O Be7 8.Nc3 Bf5
9.Re1 Nxc3 10.bxc3 Bxd3 11.Qxd3 O-O 12.Re2 Qd7 13.Bf4 a6 14.Rae1 Rae8 15.h3 Bd8
16.Bg3 Rxe2 17.Rxe2 Re8 18.Rxe8+ Qxe8 19.c4 dxc4 20.Qxc4 Qd7 21.c3 b5 22.Qe2 Qe6
23.Kf1 Na5 24.Qxe6 fxe6 25.Ke2 Kf7 26.Kd3 c6 27.Nd2 Be7 28.Bc7 Nb7 29.c4 Ke8
30.Ne4 Kd7 31.Be5 g6 32.c5 Nd8 33.f4 Nf7 34.g4 Bd8 35.g5 Be7 36.h4 Bd8 37.Ke2 a5
38.Bf6 Bc7 39.Be5 Bd8 40.Bf6 Bc7 41.Be5 Bd8 42.Bf6 Bc7  1/2-1/2

[Event "World Rapid 2016"]
[Site "Doha QAT"]
[Date "2016.12.27"]
[Round "6.17"]
[White "Amonatov,F"]
[Black "Wei Yi"]
[Result "1/2-1/2"]
[WhiteElo "2620"]
[BlackElo "2707"]

1.e4 c5 2.Nc3 e6 3.Nf3 Nc6 4.d4 cxd4 5.Nxd4 Qc7 6.Be3 a6 7.Qd2 Nf6 8.O-O-O Bb4
9.f3 Ne7 10.Nde2 b5 11.Kb1 Ba5 12.Qd4 Nc6 13.Qc5 Bb4 14.Qb6 Ba5 15.Qc5 Bb4
16.Qb6 Ba5 17.Qxc7 Bxc7 18.Nd4 Bb7 19.a4 Nxd4 20.Bxd4 bxa4 21.Nxa4 Bc6 22.Nc5 a5
23.Na6 Bd8 24.Be5 Ra7 25.Nb8 O-O 26.Nxc6 dxc6 27.Be2 Be7 28.Bd6 Rc8 29.Bxe7 Rxe7
30.Rd4 Kf8 31.Rhd1 Ke8 32.Ra4 Ra7 33.Rd3 Nd7 34.Rda3 Rca8 35.Rc3 Rc8 36.Bb5 Rac7
37.Rac4 Nb8 38.Ba4 Ke7 39.Rc5 Ra7 40.Ra3 Kd6 41.Rh5 h6 42.Bb3 e5 43.Ba2 Nd7
44.Rh3 Nc5 45.Kc1 Rb8 46.Rg3 f6 47.h4 a4 48.Rg6 h5 49.g4 hxg4 50.Rxg4 Rb4
51.h5 Rab7 52.Rg6 Rxb2 53.h6 gxh6 54.Rxf6+ Kc7 55.Rxh6 R2b4 56.Rc3 Kb6 57.Rf6 Rg7
58.Bd5 Rc7 59.Ba2 Kb5 60.Rf8 Rg7 61.Rb8+ Nb7 62.Re8 Rg5 63.Rc8 Rg6 64.Bf7 Rg1+
65.Kd2 Rd4+ 66.Ke3 Na5 67.Re8 Kb4 68.Rd3 Rxd3+ 69.Kxd3 Rd1+ 70.Ke2 Rd7 71.Be6 Rd6
72.Ba2 Nc4 73.Bxc4 Kxc4 74.Rxe5 c5 75.Rd5 Ra6 76.Rd1 a3 77.Ra1 a2 78.Kd2 Kb4
79.e5 Ka3 80.Kc3 Ra4 81.e6 Ra6 82.e7 Re6 83.Kc4 Kb2 84.Rxa2+ Kxa2 85.Kxc5 Kb2
86.f4 Rxe7 87.Kd5 Rf7 88.Ke5 Kc3 89.f5 Ra7 90.f6 Kc4 91.Ke6 Ra6+ 92.Ke7 Kc3
93.f7 Ra7+ 94.Ke6 Rxf7 95.Kxf7  1/2-1/2

[Event "World Rapid 2016"]
[Site "Doha QAT"]
[Date "2016.12.27"]
[Round "7.18"]
[White "Wei Yi"]
[Black "Jobava,Ba"]
[Result "1-0"]
[WhiteElo "2707"]
[BlackElo "2702"]

1.e4 e5 2.Nf3 Nf6 3.Nxe5 d6 4.Nf3 Nxe4 5.Nc3 Nxc3 6.dxc3 Be7 7.Be3 O-O 8.Qd2 Nd7
9.O-O-O Re8 10.Bd3 Nf8 11.h4 Bg4 12.h5 Qd7 13.Rdg1 Bf5 14.g4 Bxd3 15.Qxd3 Qe6
16.Kb1 d5 17.g5 c5 18.Re1 Qd6 19.Nh4 Qd7 20.Reg1 b6 21.g6 fxg6 22.hxg6 Bxh4
23.gxh7+ Kh8 24.Rxh4 Ne6 25.f4 d4 26.f5 Qe7 27.Bf2 Ng5 28.Rhg4 c4 29.Qd1 Nh3
30.Rxg7 Nxf2 31.Rg8+ Rxg8 32.hxg8=Q+ Rxg8 33.Qxd4+ Kh7 34.Qxf2 Rxg1+ 35.Qxg1 Qe5
36.Qg6+ Kh8 37.a4 Qe1+ 38.Ka2 Qe4 39.Qh6+ Kg8 40.f6 Qg2 41.a5 Kf7 42.Qg7+ Qxg7
43.fxg7  1-0

[Event "World Rapid 2016"]
[Site "Doha QAT"]
[Date "2016.12.27"]
[Round "8.11"]
[White "Artemiev,V"]
[Black "Wei Yi"]
[Result "1-0"]
[WhiteElo "2653"]
[BlackElo "2707"]

1.d4 Nf6 2.Nf3 d5 3.c4 e6 4.g3 Bb4+ 5.Nbd2 O-O 6.Bg2 b6 7.O-O Bb7 8.a3 Be7
9.cxd5 exd5 10.Nb1 Ne4 11.Bf4 Na6 12.Nc3 Nxc3 13.bxc3 c5 14.Ne5 Nc7 15.Qa4 Bd6
16.dxc5 Bxc5 17.Rfd1 Qe7 18.Nd7 b5 19.Qa5 Qxd7 20.Qxc7 Qxc7 21.Bxc7 Rac8
22.Ba5 Rfe8 23.Bh3 Ra8 24.e3 Bc6 25.Bg2 Re5 26.a4 bxa4 27.c4 Bb6 28.Bc3 Ree8
29.Bxd5 Rac8 30.Bxc6 Rxc6 31.Rxa4 h6 32.Bd4 Rd8 33.Kg2 Rd7 34.Kf3 Rcd6 35.Ra6 Rc6
36.Rc1 Rdd6 37.c5 Rd8 38.Rc3  1-0

[Event "World Rapid 2016"]
[Site "Doha QAT"]
[Date "2016.12.27"]
[Round "9.18"]
[White "Wei Yi"]
[Black "Wojtaszek,R"]
[Result "1-0"]
[WhiteElo "2707"]
[BlackElo "2749"]

1.d4 Nf6 2.c4 e6 3.g3 d5 4.Bg2 Be7 5.Nf3 O-O 6.Nc3 Nbd7 7.Qd3 dxc4 8.Qxc4 a6
9.Qd3 Rb8 10.e4 b5 11.e5 Ne8 12.h4 c5 13.d5 exd5 14.Nxd5 Nb6 15.Nxe7+ Qxe7
16.O-O h6 17.Re1 Be6 18.Qc2 Nc7 19.Nd2 Ncd5 20.Ne4 Bf5 21.Qxc5 Qxc5 22.Nxc5 Nb4
23.Be4 Bxe4 24.Rxe4 Nc2 25.Rb1 Rfd8 26.Bf4 Nd5 27.e6 Nxf4 28.exf7+ Kxf7 29.Rxf4+ Kg8
30.Nxa6 Rb6 31.Nc5 Nd4 32.Kg2 Rd5 33.b4 Nc2 34.Rc1 g5 35.hxg5 hxg5 36.Re4 Na3
37.Rce1 Rf6 38.Re8+ Rf8 39.R1e5 Rxe8 40.Rxd5  1-0

[Event "World Rapid 2016"]
[Site "Doha QAT"]
[Date "2016.12.27"]
[Round "10.15"]
[White "Akopian,Vl"]
[Black "Wei Yi"]
[Result "1/2-1/2"]
[WhiteElo "2675"]
[BlackElo "2707"]

1.e4 e5 2.Nf3 Nc6 3.Bb5 a6 4.Ba4 Nf6 5.d3 b5 6.Bb3 Bc5 7.Nc3 d6 8.Nd5 h6
9.c3 Rb8 10.O-O O-O 11.d4 Ba7 12.Be3 Nxd5 13.Bxd5 Ne7 14.dxe5 Bxe3 15.fxe3 Nxd5
16.exd5 dxe5 17.Nxe5 Bb7 18.e4 Qe7 19.Qd4 Rbe8 20.Nd3 Qxe4 21.Qxe4 Rxe4 22.Nc5 Bxd5
23.Nxe4 Bxe4 24.Rad1 c6 25.Rfe1 Bd5 26.a3 a5 27.Re7 a4 28.Rde1 Be6 29.Rd1 Kh7
30.Rd6 Rc8 31.Kf2 Kg6 32.Ra7 Kf5 33.Ke3 Ke5 34.Rd4 Bd5 35.g3 Re8 36.Kd2 g5
37.Rd3 Kf5 38.Re3 Rd8 39.Rd3 Re8 40.h3 Bc4 41.Rf3+ Kg6 42.Re3 Rd8+ 43.Ke1 Bb3
44.Rc7 Rd1+ 45.Ke2 Rb1 46.Rxc6+ Kg7 47.Re5 Rxb2+ 48.Ke3 Bc4 49.h4 gxh4 50.gxh4 Rh2
51.Re4 Rh3+ 52.Kd2 Rh2+ 53.Ke3 Rh3+ 54.Kd2 Rh2+ 55.Ke3 Rh3+  1/2-1/2

[Event "World Rapid 2016"]
[Site "Doha QAT"]
[Date "2016.12.28"]
[Round "12.18"]
[White "Melkumyan,H"]
[Black "Wei Yi"]
[Result "1-0"]
[WhiteElo "2633"]
[BlackElo "2707"]

1.Nf3 d5 2.d4 Nf6 3.c4 e6 4.Nc3 c5 5.cxd5 Nxd5 6.e4 Nxc3 7.bxc3 cxd4 8.cxd4 Bb4+
9.Bd2 Bxd2+ 10.Qxd2 O-O 11.Bc4 Nd7 12.O-O b6 13.a4 Bb7 14.Bd3 a5 15.Qe3 Rc8
16.e5 g6 17.Rfc1 Qe7 18.Ng5 Nb8 19.Qf4 h6 20.Ne4 Bxe4 21.Qxe4 Kg7 22.Bb5 Rfd8
23.g3 Rc7 24.Rxc7 Qxc7 25.Rd1 Nd7 26.Rd3 Nf8 27.h4 h5 28.Kg2 Nh7 29.Qf3 Qe7
30.Qf4 Qc7 31.Qe3 Qb7+ 32.Qf3 Qe7 33.Qc6 Qa7 34.d5 exd5 35.Rxd5 Rxd5 36.Qxd5 Nf8
37.Qd6 Qb7+ 38.Bc6 Qc8 39.Bd5 Qd7 40.Qc6 Qxc6 41.Bxc6 Ne6 42.Bb5 Kf8 43.f4 Ke7
44.Kf2 f6 45.Ke3 fxe5 46.fxe5 g5 47.Ke4 gxh4 48.gxh4 Ng7 49.Bc4 Kd7 50.Kf4 Ke7
51.Kg5 Kf8 52.Kg6 Ne8 53.Kxh5 Nc7 54.Kg6  1-0

[Event "World Rapid 2016"]
[Site "Doha QAT"]
[Date "2016.12.28"]
[Round "13.23"]
[White "Wei Yi"]
[Black "Inarkiev,E"]
[Result "0-1"]
[WhiteElo "2707"]
[BlackElo "2709"]

1.b3 d5 2.Bb2 c5 3.e3 a6 4.Nf3 Nc6 5.g3 d4 6.exd4 cxd4 7.Bg2 g6 8.O-O Bg7
9.c4 dxc3 10.dxc3 Bf5 11.Nh4 Be6 12.Qe2 Nf6 13.Rd1 Qa5 14.c4 O-O 15.Nc3 Rad8
16.Nf3 Bg4 17.Qe3 Qh5 18.Ne2 e5 19.Rxd8 Rxd8 20.Nxe5 Bxe2 21.Nxc6 bxc6 22.Qb6 Rf8
23.Re1 Bf3 24.h3 Nd7 25.Qc7 Bxg2 26.Kxg2 Bxb2 27.Qxd7 Qc5 28.Rd1 Be5 29.f4 Bb8
30.Qd4 Ba7 31.Qxc5 Bxc5 32.Rd7 Re8 33.Rc7 Re6  0-1

[Event "World Rapid 2016"]
[Site "Doha QAT"]
[Date "2016.12.28"]
[Round "14.30"]
[White "Mamedov,Rau"]
[Black "Wei Yi"]
[Result "1/2-1/2"]
[WhiteElo "2688"]
[BlackElo "2707"]

1.e4 c5 2.Nf3 d6 3.Nc3 Nf6 4.e5 dxe5 5.Nxe5 a6 6.a4 Nbd7 7.Nc4 Nb6 8.a5 Nxc4
9.Bxc4 e6 10.d3 Qc7 11.Qf3 Bd6 12.Ne4 Be5 13.c3 Bd7 14.Qe2 O-O 15.f4 Bd6
16.Nxd6 Qxd6 17.Qe5 Qxe5+ 18.fxe5 Nd5 19.Bg5 h6 20.Bd2 Rfd8 21.Rf1 Bc6 22.Ke2 Ne7
23.g3 Bd5 24.Be3 Rac8 25.h4 Nc6 26.Bf4 Rd7 27.Rfe1 h5 28.Kf2 Kh7 29.Rg1 Rcd8
30.Rge1 Kg6 31.Bg5 f6 32.Bxd5 Rxd5 33.exf6 Rf5+ 34.Kg2 gxf6 35.Bf4 e5 36.Be3 Rxd3
37.Ra4 Ne7 38.Re2 Nd5 39.Bxc5 Rff3 40.Bf2 Ne7 41.Rb4 Nf5 42.Rb6 Nxg3 43.Rxe5 Nf5
44.Ree6 Nh6 45.Red6 Rxd6 46.Rxd6 Rf5 47.b4 Ng4 48.Bd4 Ne5 49.Bxe5 Rxe5 50.Rb6 Re2+
51.Kf3 Rc2 52.Rxb7 Rxc3+ 53.Kf4 Rh3 54.Rb6 Rxh4+ 55.Kg3 Rg4+ 56.Kh3 Kg5 57.Rxa6 Rh4+
58.Kg2 Rxb4 59.Ra8 Rb2+ 60.Kh3 Rb3+ 61.Kg2 f5 62.a6 Kf4 63.a7 Rb7 64.Kh2 Rg7
65.Kh3 Rc7 66.Kg2 Rf7 67.Kf2 Rg7 68.Kf1 Rb7 69.Kg2 Rc7 70.Kf2 Rd7 71.Kg2 Rh7
72.Kh2 Rg7 73.Kh3 h4 74.Kh2 Rf7 75.Kg2 h3+ 76.Kxh3 Kf3 77.Kh2 Kf2 78.Rh8 Rxa7
79.Rh4 Ke3 80.Rb4 Rd7 81.Kg2 f4  1/2-1/2

[Event "World Blitz 2016"]
[Site "Doha QAT"]
[Date "2016.12.29"]
[Round "2.3"]
[White "Wei Yi"]
[Black "Nepomniachtchi,I"]
[Result "1/2-1/2"]
[WhiteElo "2707"]
[BlackElo "2767"]

1.e4 c5 2.Nf3 d6 3.d4 cxd4 4.Nxd4 Nf6 5.Nc3 a6 6.g3 e5 7.Nb3 Be7 8.Bg2 O-O
9.O-O Be6 10.a4 Nbd7 11.Re1 Rc8 12.Nd2 Nb6 13.Nf1 d5 14.exd5 Nfxd5 15.Nxd5 Nxd5
16.c3 f6 17.Ne3 Nxe3 18.Bxe3 Qc7 19.Bd5 Qd7 20.Bg2 Rfd8 21.Bb6 Qxd1 22.Rexd1 Rxd1+
23.Rxd1 Kf7 24.a5 Rb8 25.f4 exf4 26.gxf4 Ke8 27.Kf2 Bd7 28.Re1 Kf8 29.Rd1 Ke8
30.Bd5 Bc6 31.Be6 Bd8 32.Ke3 Bxb6+ 33.axb6 Ke7 34.Bf5 g6 35.Bc2 Rc8 36.h4 f5
37.h5 Be8 38.hxg6 hxg6 39.Rh1 Bf7 40.Kd4 Rc4+ 41.Ke3 Rc6 42.Kd4 Rd6+ 43.Ke3 Rxb6
44.b4 Re6+ 45.Kd4 Rd6+ 46.Ke3 Kf6 47.Rh8 g5 48.fxg5+ Kxg5 49.Rh2 f4+ 50.Kf3 Bd5+
51.Kf2 Bc6 52.Ke2 Kg4 53.Rh8 Bb5+ 54.Ke1 Kf3 55.Bd1+ Ke3 56.Rh3+ Ke4 57.Bc2+ Kd5
58.Bb3+ Ke5 59.c4 Bd7 60.Rh5+ Kd4 61.c5 Rg6 62.Rd5+ Ke3 63.Re5+ Kf3 64.Bd5+ Kg3
65.Bxb7 f3 66.Re3 Rf6 67.Bxf3 Rxf3 68.Rxf3+ Kxf3 69.Kd2 Ke4 70.Kc3 Kd5 71.c6 Bxc6
72.Kb2  1/2-1/2

[Event "World Blitz 2016"]
[Site "Doha QAT"]
[Date "2016.12.29"]
[Round "3.11"]
[White "Mamedyarov,S"]
[Black "Wei Yi"]
[Result "1/2-1/2"]
[WhiteElo "2768"]
[BlackElo "2707"]

1.d4 Nf6 2.c4 e6 3.Nf3 d5 4.Nc3 c5 5.cxd5 cxd4 6.Qxd4 exd5 7.e4 Nc6 8.Bb5 dxe4
9.Qxd8+ Kxd8 10.Ng5 Be6 11.O-O Bb4 12.Ncxe4 Nxe4 13.Nxe4 Ke7 14.Be3 Rhd8
15.Bxc6 bxc6 16.Rfc1 Bd5 17.Bc5+ Bxc5 18.Nxc5 Rab8 19.Rc2 Bxa2 20.h3 Be6
21.Rxa7+ Kf6 22.Nxe6 fxe6 23.Rxc6 Rxb2 24.Rcc7 Rg8 25.h4 Rb5 26.g3 Kg6 27.Ra6 Kf6
28.Kg2 Rbb8 29.g4 Rbc8 30.g5+ Kf5 31.Re7 Rce8 32.Rea7 Kg4 33.Ra4+ Kh5 34.Kg3 Ref8
35.Re7 Rf5 36.Rxe6 Rgf8 37.f4 Rb5 38.Ra3 Rb1 39.Re7 Rg1+ 40.Kh2 Rg4 41.Rh3 Rfxf4
42.Rxg7 Rf2+ 43.Kh1 Rb4 44.Kg1 Rc2 45.Rf3 Kg4 46.Rf2 Kg3 47.Rgf7 Rb1+ 48.Rf1 Rg2+
49.Kh1 Rh2+ 50.Kg1 Rg2+ 51.Kh1 Rh2+  1/2-1/2

[Event "World Blitz 2016"]
[Site "Doha QAT"]
[Date "2016.12.29"]
[Round "6.17"]
[White "Grischuk,A"]
[Black "Wei Yi"]
[Result "1/2-1/2"]
[WhiteElo "2737"]
[BlackElo "2707"]

1.Nf3 d5 2.d4 Nf6 3.c4 e6 4.Nc3 c5 5.cxd5 cxd4 6.Qxd4 exd5 7.Bg5 Be7 8.e3 O-O
9.Be2 Nc6 10.Qd2 Be6 11.O-O h6 12.Bxf6 Bxf6 13.Rfd1 Qb6 14.Rac1 Rfd8 15.Na4 Qc7
16.Nc5 Bg4 17.h3 Bh5 18.Nd3 Bg6 19.Nb4 Be4 20.Nd4 Bxd4 21.exd4 Qd6 22.Nxc6 bxc6
23.Rc5 Rab8 24.Rdc1 Qg6 25.Bf1 Rd6 26.R1c3 Re8 27.Rg3 Qf6 28.Re3 Rde6 29.Ra5 R8e7
30.Qc3 Kh7 31.b4 Rb7 32.a3 Rbe7 33.Rc5 Rb7 34.a4 Qe7 35.b5 cxb5 36.axb5 Rd7
37.Qd2 Bf5 38.Rxe6 Qxe6 39.Qf4 Qe4 40.Qd2 Re7 41.Rc1 Qe6 42.Qc3 Rb7 43.Re1 Qd6
44.Qc5 Rd7 45.Qxd6 Rxd6 46.f3 Be6 47.Rc1 Rd7 48.Kf2 g6 49.h4 Kg7 50.g4 Kf6
51.Rc6 Ke7 52.Bd3 g5 53.h5 Rd6 54.Rc3 Rd7 55.Kg3 Kd8 56.f4 f6 57.Rc6 Ke7
58.Kf3 Rd6 59.Rc3 Rd7 60.Rc6 Rd6 61.Rc5 Rd7 62.Rc1 Kd8 63.Re1 Rd6 64.Ra1 Rd7
65.Ra6 Ke7 66.Rc6 Rd6 67.Rc5 Rd7 68.Rc3 Kd8 69.Rc6 Ke7 70.Rc1 Kd8 71.Re1 Rd6
72.Bg6 Bd7 73.Bd3 Rb6 74.Ra1 Bxb5 75.Bxb5 Rxb5 76.Rxa7 Rb3+ 77.Kf2 gxf4 78.Rf7 Rg3
79.Rxf6 Rxg4 80.Kf3 Rh4 81.Rd6+ Ke7 82.Rxd5 Ke6 83.Ra5 Kd6 84.Re5 Kc6 85.Ke4 f3+
86.Kxf3 Rxd4 87.Re6+ Rd6 88.Rxd6+ Kxd6 89.Ke4  1/2-1/2

[Event "World Blitz 2016"]
[Site "Doha QAT"]
[Date "2016.12.29"]
[Round "7.20"]
[White "Wei Yi"]
[Black "Melkumyan,H"]
[Result "1/2-1/2"]
[WhiteElo "2707"]
[BlackElo "2633"]

1.d4 Nf6 2.Bf4 g6 3.Nc3 Bg7 4.e4 d6 5.Qd2 Nc6 6.Nf3 O-O 7.Bh6 e5 8.Bxg7 Kxg7
9.d5 Ne7 10.Be2 Bg4 11.Ng1 Bd7 12.Nf3 h6 13.h3 Nh7 14.g4 g5 15.Nh2 Ng6 16.Nf1 Nf4
17.O-O-O Rh8 18.Ne3 Nf8 19.h4 N8g6 20.h5 Ne7 21.f3 a6 22.Bd3 Qb8 23.Ne2 Nxe2+
24.Bxe2 Qa7 25.Kb1 a5 26.c4 Rhc8 27.Rc1 c5 28.dxc6 Nxc6 29.Nc2 Be6 30.Rhd1 Rd8
31.Qe3 Qc5 32.Rd2 Kf8 33.Rcd1 Qxe3 34.Nxe3 Ke7 35.Nc2 Rac8 36.b3 b6 37.Kb2 Nb8
38.Na3 Rd7 39.Nb5 Rcd8 40.a3 Nc6 41.Kc3 Na7 42.Nxa7 Rxa7 43.a4 Rc7 44.Kb2 Rc5
45.Ka3 Rc6 46.Rb1 Rdc8 47.Rdb2 Kd8 48.Rd2 Kc7 49.Rdb2 Re8 50.Rd2 Bd7 51.Rbd1 Re6
52.Rd3 Rf6 53.Re3 Rf4 54.Red3 Be8 55.R3d2 Rf6 56.Kb2 Re6 57.Rd5 Rf6 58.Ka3 Bd7
59.R5d2 Kd8 60.Kb2 Ke7 61.Kc3 Rc5 62.Kb2 Rc6 63.Ka3 Rf4 64.Kb2 Be8 65.Rd5 Bd7
66.Ka3 Be8 67.R5d2 Rf6 68.Rd5 Rc5 69.R5d2 Re6 70.Kb2 f6 71.Rd5 Kd7 72.R5d2 Rc6
73.c5 bxc5 74.Bb5 Kc7 75.Bxc6 Bxc6 76.Kc3 Bb7 77.Kc4 Kc6 78.Kc3 Ba6 79.Kb2 Kc7
80.Kc3 Bb7 81.Kc4 Bc6 82.Rd3 Kd7 83.Kc3 Kc7 84.R3d2 Be8 85.Kc4 Bc6 86.Kc3 Bb7
87.Kc4 Bc6  1/2-1/2

[Event "World Blitz 2016"]
[Site "Doha QAT"]
[Date "2016.12.29"]
[Round "8.24"]
[White "Wei Yi"]
[Black "Tregubov,P"]
[Result "1-0"]
[WhiteElo "2707"]
[BlackElo "2585"]

1.d4 Nf6 2.Bf4 d5 3.e3 e6 4.Nd2 c5 5.c3 Bd6 6.Bg3 Nc6 7.Ngf3 O-O 8.Bb5 a6
9.Bxc6 bxc6 10.Qa4 cxd4 11.cxd4 Rb8 12.Qc2 a5 13.Ne5 Ba6 14.Nxc6 Rc8 15.Rc1 Qd7
16.Bxd6 Qxd6 17.Qc5 Qxc5 18.Rxc5 Rc7 19.Nxa5 Rfc8 20.Nab3 Nd7 21.Rxc7 Rxc7
22.Kd1 Bd3 23.Nc1 Ba6 24.Ne2 Rb7 25.Nb3 Bc4 26.Nc3 Bxb3+ 27.axb3 Rxb3 28.Kc2 Rb7
29.Ra1 Kf8 30.Ra5 Ke7 31.Na4 Rc7+ 32.Nc5 Nb6 33.b3 e5 34.Kc3 exd4+ 35.Kxd4 Kd6
36.Ra6  1-0

[Event "World Blitz 2016"]
[Site "Doha QAT"]
[Date "2016.12.29"]
[Round "9.13"]
[White "Ivanchuk,V"]
[Black "Wei Yi"]
[Result "1-0"]
[WhiteElo "2747"]
[BlackElo "2707"]

1.e4 c5 2.Nf3 d6 3.d4 cxd4 4.Nxd4 Nf6 5.Nc3 a6 6.Be2 e5 7.Nb3 Be7 8.O-O O-O
9.Kh1 b6 10.f3 Bb7 11.a4 Nbd7 12.Be3 Rc8 13.Rf2 Rc7 14.Bf1 Qa8 15.Rd2 Rfc8
16.Bf2 h6 17.h3 g6 18.Nc1 Rxc3 19.bxc3 d5 20.exd5 Bxd5 21.c4 Bc6 22.Nb3 e4
23.f4 Bb4 24.Be3 Qb8 25.a5 b5 26.Nd4 Bxd2 27.Qxd2 bxc4 28.Bxc4 Bb7 29.Bb3 Qc7
30.f5 g5 31.Ne2 Qe5 32.Rf1 Nc5 33.Bd4 Qe7 34.Qe3 Nxb3 35.Qxb3 Nd5 36.c4 Qb4
37.Qg3 Qxc4 38.Qe5 f6 39.Qe6+ Kg7 40.Qd7+ Kg8 41.Qxb7 Rc7 42.Qb2 Qd3 43.Qa2 Rc4
44.Re1 Kg7 45.Qa1 Rc2 46.Ng1 Qc4 47.Rb1 Ra2 48.Rb7+ Kg8 49.Qd1 Nf4 50.Bxf6 Nd3
51.Qh5 Nf2+ 52.Kh2  1-0

[Event "World Blitz 2016"]
[Site "Doha QAT"]
[Date "2016.12.29"]
[Round "10.22"]
[White "Tari,A"]
[Black "Wei Yi"]
[Result "0-1"]
[WhiteElo "2584"]
[BlackElo "2707"]

1.d4 Nf6 2.c4 e6 3.Nc3 Bb4 4.Nf3 O-O 5.Bg5 c5 6.e3 cxd4 7.exd4 d5 8.cxd5 exd5
9.Be2 h6 10.Bh4 g5 11.Bg3 Ne4 12.Rc1 Nc6 13.O-O Bxc3 14.bxc3 Bf5 15.Ne5 Rc8
16.f4 Nxe5 17.fxe5 Qd7 18.Bd3 Kg7 19.Qf3 Bg6 20.c4 dxc4 21.Bxe4 Qxd4+ 22.Kh1 Qxe4
23.Qf6+ Kh7 24.Rce1 Qd4 25.Rd1 Bd3 26.Qe7 Qd5 27.Rf6 c3 28.Rd6 c2 29.Rc1 Qe4
30.Qf6 Kg8 31.Qxh6 Qf5 32.Rf6 Rc6 33.h3 Rxf6 34.exf6 Qg6 35.Qxg6+ Bxg6 36.Kg1 Rd8  0-1

[Event "World Blitz 2016"]
[Site "Doha QAT"]
[Date "2016.12.29"]
[Round "11.13"]
[White "Wei Yi"]
[Black "Radjabov,T"]
[Result "1/2-1/2"]
[WhiteElo "2707"]
[BlackElo "2710"]

1.e4 e5 2.Nf3 Nc6 3.Bc4 Nf6 4.d3 h6 5.O-O d6 6.Re1 g6 7.d4 Qe7 8.Nc3 Bg7
9.Nd5 Qd8 10.dxe5 Nxe5 11.Nxe5 dxe5 12.Qf3 Nxd5 13.Bxd5 O-O 14.b3 c6 15.Bc4 Qc7
16.a4 Re8 17.Ba3 Be6 18.Bxe6 Rxe6 19.Rad1 b5 20.Qd3 a6 21.Bc5 Bf8 22.Be3 Rd6
23.Qc3 Rad8 24.Rxd6 Qxd6 25.g3 Qb4 26.Qxb4 Bxb4 27.Rb1 Kg7 28.Kf1 Bc3 29.Ke2 f5
30.f3 h5 31.Rd1 Rxd1 32.Kxd1 Kf7 33.Ke2 Ke6 34.h3 Bb4 35.g4 fxg4 36.fxg4 hxg4
37.hxg4 Be7  1/2-1/2

[Event "World Blitz 2016"]
[Site "Doha QAT"]
[Date "2016.12.29"]
[Round "12.14"]
[White "Wei Yi"]
[Black "Onischuk,V"]
[Result "1/2-1/2"]
[WhiteElo "2707"]
[BlackElo "2601"]

1.d4 d6 2.e4 Nf6 3.Nc3 g6 4.f4 Bg7 5.Nf3 O-O 6.e5 dxe5 7.fxe5 Nd5 8.Bc4 Nxc3
9.bxc3 c5 10.O-O Bg4 11.Be3 Nc6 12.h3 Bxf3 13.Rxf3 Qa5 14.Qe1 Rad8 15.Bb3 cxd4
16.cxd4 Qxe1+ 17.Rxe1 Nxd4 18.Bxd4 Rxd4 19.Rc3 e6 20.Rc7 Rb4 21.Rd7 Rb5 22.a4 Rxe5
23.Rxe5 Bxe5 24.Rxb7 Rd8 25.Kf1 Bd4 26.a5 h5 27.Ke2 h4 28.Bc4 Rd6 29.Kf3 Kg7
30.Ke2 g5 31.Kf3 Kg6 32.Re7 Rc6 33.Bd3+ f5 34.Ke2 Kf6 35.Rh7 Ke5 36.Kf3 Rd6
37.Rb7 Rd5 38.a6 Rd6 39.Rb5+ Kf6 40.Ra5 e5 41.Bc4 Bb6 42.Rd5 e4+ 43.Ke2 Rc6
44.Bb3 Bg1 45.Kf1 Bc5 46.Ke2 Bb6 47.Rd7 Ke5 48.Rd1 Rc3 49.Kf1 Kf4 50.Rd6 g4
51.Rxb6 axb6 52.a7 Rc8 53.Bd5 gxh3 54.gxh3 Kg3 55.Bb7 Rd8 56.a8=Q Rxa8 57.Bxa8 Kxh3
58.Kf2 Kg4 59.Bc6 h3 60.Bb5 f4 61.Bd7+ Kh4 62.Bf5 e3+ 63.Ke2 Kg3 64.Be4 Kg4
65.Bc6 Kf5 66.Bd7+ Ke4 67.Bxh3 f3+ 68.Ke1 b5 69.Bd7 b4 70.Bc6+ Kf4 71.Bd5 Kg3
72.Kf1 Kf4 73.Ke1 f2+ 74.Ke2 Ke5 75.Bc4 Kd4 76.Bd3 b3 77.cxb3 f1=Q+ 78.Kxf1 Kxd3
79.Ke1  1/2-1/2